Agent : personalities politics and publishing (Record no. 1304093)
[ view plain ]
| 000 -LEADER | |
|---|---|
| fixed length control field | 00601nam a2200217Ia 4500 |
| 005 - DATE AND TIME OF LATEST TRANSACTION | |
| control field | 20250326144534.0 |
| 008 - FIXED-LENGTH DATA ELEMENTS--GENERAL INFORMATION | |
| fixed length control field | 250326s9999 xx 000 0 und d |
| 020 ## - INTERNATIONAL STANDARD BOOK NUMBER | |
| International Standard Book Number | 1-58799-104-7 |
| 037 ## - SOURCE OF ACQUISITION | |
| Stock number | Textbook |
| 040 ## - CATALOGING SOURCE | |
| Original cataloging agency | FMSL |
| Language of cataloging | eng |
| Transcribing agency | FMSL |
| 041 ## - LANGUAGE CODE | |
| Language code of text/sound track or separate title | eng |
| Source of code | eng |
| 084 ## - COLON CLASSIFICATION NUMBER | |
| Classification number | X:8 P2 |
| Assigning agency | FMSL |
| 100 ## - MAIN ENTRY--PERSONAL NAME | |
| Personal name | Klebanoff Arthur M |
| 9 (RLIN) | 749851 |
| 245 #0 - TITLE STATEMENT | |
| Title | Agent : personalities politics and publishing |
| Statement of responsibility, etc. | Klebanoff Arthur M |
| 260 ## - PUBLICATION, DISTRIBUTION, ETC. | |
| Place of publication, distribution, etc. | NY |
| Name of publisher, distributor, etc. | NY, TEXERE |
| Date of publication, distribution, etc. | 2001 |
| 300 ## - PHYSICAL DESCRIPTION | |
| Extent | viii,247 |
| 365 ## - TRADE PRICE | |
| Price amount | 1357.5315000000001 |
| 650 ## - SUBJECT ADDED ENTRY--TOPICAL TERM | |
| Topical term or geographic name entry element | Management |
| 942 ## - ADDED ENTRY ELEMENTS (KOHA) | |
| Koha item type | Textbook |
| Classification part | X:8 P2 |
| Withdrawn status | Lost status | Damaged status | Not for loan | Home library | Current library | Date acquired | Source of acquisition | Cost, normal purchase price | Total Checkouts | Full call number | Barcode | Date last seen | Price effective from | Koha item type |
|---|---|---|---|---|---|---|---|---|---|---|---|---|---|---|
| Faculty of Management Library | Faculty of Management Library | 2025-03-26 | Index International | 1357.53 | X:8 P2 | ML1488283 | 2025-03-26 | 2025-03-26 | Textbook |
